[Event "Zilina-ch"]
[Site "Zilina"]
[Date "2014.05.10"]
[Round "2"]
[White "Hamary, Tomas"]
[Black "Kubik, Jozef"]
[Result "1-0"]
[WhiteElo "1771"]
[BlackElo "1510"]
[PlyCount "107"]
[EventDate "2014.05.09"]
[EventType "swiss"]
[EventRounds "6"]
[EventCountry "SVK"]
[SourceTitle "CBM 160 Extra"]
[Source "ChessBase"]
[SourceDate "2014.07.01"]
[SourceVersion "1"]
[SourceVersionDate "2014.07.01"]
[SourceQuality "1"]

1. c4 Nf6 2. Nc3 g6 3. Nf3 Bg7 4. d4 d5 5. e3 c6 6. Be2 dxc4 7. Bxc4 0-0 8. 0-0 Bf5 9. b4 b5 10. Be2 Na6 11. a3 Nd5 12. Bb2 Nac7 13. Nd2 Nxc3 14. Bxc3 Re8 15. Rc1 Bc8 16. Nb3 Nd5 17. Bb2 Bd7 18. Bf3 e6 19. Na5 Rc8 20. e4 Nb6 21. e5 Nd5 22. Nb7 Qb6 23. Nd6 Red8 24. Nxc8 Rxc8 25. Bxd5 exd5 26. Rc3 Qd8 27. Bc1 Qe7 28. Be3 Bf8 29. Qd2 Qd8 30. Bg5 Be7 31. Bxe7 Qxe7 32. Rfc1 Qe6 33. Qh6 Qe8 34. Rf3 Qe7 35. Rcc3 Qf8 36. Qh4 Qd8 37. Rf6 Kg7 38. Qf4 Qe8 39. h4 Be6 40. h5 Rc7 41. g4 Qc8 42. Rg3 Qe8 43. Rh3 Kg8 44. f3 Rb7 45. Kf2 Rc7 46. Ke3 Rb7 47. Qh6 Qf8 48. hxg6 Qxh6+ 49. Rxh6 hxg6 50. Rhxg6+ fxg6 51. Rxe6 Kf7 52. Rxc6 a5 53. bxa5 Ra7 54. a6 1-0

[Event "Zilina-ch"]
[Site "Zilina"]
[Date "2014.05.10"]
[Round "3"]
[White "Kollar, Vladimir"]
[Black "Hamary, Tomas"]
[Result "1-0"]
[WhiteElo "2035"]
[BlackElo "1771"]
[PlyCount "53"]
[EventDate "2014.05.09"]
[EventType "swiss"]
[EventRounds "6"]
[EventCountry "SVK"]
[SourceTitle "CBM 160 Extra"]
[Source "ChessBase"]
[SourceDate "2014.07.01"]
[SourceVersion "1"]
[SourceVersionDate "2014.07.01"]
[SourceQuality "1"]

1. e4 c5 2. c3 g6 3. d4 cxd4 4. cxd4 Bg7 5. Nf3 d6 6. h3 Nf6 7. Nc3 0-0 8. Be3 b6 9. Bd3 Bb7 10. Qd2 Nc6 11. Rc1 Nb4 12. Bb1 Rc8 13. 0-0 a5 14. Rfd1 Nd7 15. a3 Nc6 16. Bh6 Re8 17. Ba2 Nf8 18. Bxg7 Kxg7 19. Qe3 Nb8 20. Qf4 e6 21. Nb5 Rxc1 22. Rxc1 d5 23. Rc7 Re7 24. Rxe7 Qxe7 25. Qxb8 dxe4 26. Ne5 Qg5 27. Qc7 1-0